Magnetism / (Record no. 72053)
[ view plain ]
| 000 -LEADER | |
|---|---|
| fixed length control field | 01314nam a2200301 a 4500 |
| 001 - CONTROL NUMBER | |
| control field | 72053 |
| 003 - CONTROL NUMBER IDENTIFIER | |
| rucl marc code | BD-RJUL |
| 005 - DATE AND TIME OF LATEST TRANSACTION | |
| control field | 20211209082215.0 |
| 008 - FIXED-LENGTH DATA ELEMENTS--GENERAL INFORMATION | |
| fixed length control field | 170513s1965 E a b 001 0 eng d |
| 035 ## - SYSTEM CONTROL NUMBER | |
| System control number | (BD-RjUL) 72269 |
| 040 ## - CATALOGING SOURCE | |
| Original cataloging agency | BD-RjUL |
| Language of cataloging | eng |
| Transcribing agency | BD-RjUL |
| Modifying agency | BD-RjUL |
| 041 ## - LANGUAGE CODE | |
| Language code of text/sound track or separate title | eng |
| 082 ## - DEWEY DECIMAL CLASSIFICATION NUMBER | |
| Edition number | 23 |
| Classification number | 538 |
| Author mark and year | MAG 1965 |
| 245 00 - TITLE STATEMENT | |
| Title | Magnetism / |
| Statement of responsibility, etc. | edited by George T. Rado, Harry Suhl. |
| 260 ## - PUBLICATION, DISTRIBUTION, ETC. (IMPRINT) | |
| Place of publication, distribution, etc. | New York, NY ; |
| -- | London : |
| Name of publisher, distributor, etc. | Academic Press, |
| Date of publication, distribution, etc. | c1965. |
| 300 ## - PHYSICAL DESCRIPTION | |
| Pagination | V. : |
| Illustrations | ill. ; |
| Size | 24 cm. |
| 500 ## - GENERAL NOTE | |
| General note | Vol. 4 by Conyers Herring. |
| General note | Vol. 5 edited by H. Suhl only. |
| 504 ## - BIBLIOGRAPHY, ETC. NOTE | |
| Bibliography, etc | Includes bibliographical references and index. |
| 505 0# - FORMATTED CONTENTS NOTE | |
| Formatted contents note | Contents: v. 1. Magnetic ions in insulators, their interactions, resonances, and optical properties.--v. 2A. Statistical models, magnetic symmetry, hyperfine interactions, and metals.--v. 2B. Interactions and metals.--v. 3. Spin arrangements and crystal structure, domains, and micromagnetics.--v. 4. Exchange interactions among itinerant electrons.--v. 5. Magnetic properties of magnetic alloys. |
| 650 #0 - SUBJECT ADDED ENTRY--TOPICAL TERM | |
| Topical term or geographic name as entry element | Magnetism. |
| 9 (RLIN) | 213108 |
| Topical term or geographic name as entry element | Nuclear magnetism. |
| 9 (RLIN) | 212804 |
| Topical term or geographic name as entry element | Quantum theory. |
| 9 (RLIN) | 213109 |
| 700 1# - ADDED ENTRY--PERSONAL NAME | |
| Personal name | Rado, George T. |
| Fuller form of name | (George Tibor), |
| Dates associated with a name | 1917- |
| Personal name | Suhl, Harry. |
| 942 ## - ADDED ENTRY ELEMENTS (KOHA) | |
| Source of classification or shelving scheme | Dewey Decimal Classification |
| Koha item type | Books |
| Lost status | Source of classification or shelving scheme | Damaged status | Not for loan | Collection code | Permanent Location | Current Location | Shelving location | Date acquired | Source of acquisition | Total Checkouts | Full call number | Date last seen | Copy number | Koha item type |
|---|---|---|---|---|---|---|---|---|---|---|---|---|---|---|
| Dewey Decimal Classification | Not For Loan | Non-fiction | Central Library, University of Rajshahi | Central Library, University of Rajshahi | Reading Room | 27/12/1973 | U.S.govt. | 538 MAG V-2 1965 | 13/05/2017 | C-1 | Books |